FIFA 21 Icons - Statistics

General Stats
  • This quiz has been taken 292 times
  • The average score is 65 of 100
Answer Stats
Nationality Rating Player % Correct
Brazil 98 Pelé
100%
Argentina 97 Maradona
99%
France 96 Zidane
96%
Brazil 96 Ronaldo
95%
Italy 94 Maldini
89%
Brazil 94 Ronaldinho
89%
Russia 94 Yashin
89%
Hungary 94 Puskás
88%
Netherlands 94 Cruyff
86%
Northern Ireland 93 Best
83%
Netherlands 93 Gullit
82%
Portugal 93 Eusébio
80%
France 93 Henry
80%
Ivory Coast 91 Drogba
79%
Spain 93 Xavi
79%
Brazil 91 Carlos
78%
Cameroon 92 Eto'o
77%
Wales 92 Giggs
77%
Netherlands 93 van Basten
77%
Czech Republic 91 Cech
75%
Portugal 92 Figo
75%
Romania 91 Hagi
75%
Italy 93 Baresi
74%
Brazil 94 Garrincha
74%
Czech Republic 91 Nedvěd
74%
Italy 92 Pirlo
74%
Ireland 90 Keane
73%
Italy 93 Baggio
72%
Denmark 91 Laudrup
72%
Denmark 92 Schmeichel
71%
Italy 92 Cannavaro
70%
Brazil 93 Carlos Alberto
70%
England 91 Gerrard
70%
Mexico 90 Hernández
70%
Spain 92 Puyol
70%
Brazil 92 Rivaldo
70%
England 92 Moore
69%
Wales 91 Rush
69%
Italy 92 Del Piero
68%
Germany 93 Matthäus
68%
Japan 88 Nakata
68%
Nigeria 90 Okocha
68%
France 91 Desailly
67%
Ghana 90 Essien
67%
England 90 Lampard
67%
Italy 92 Nesta
67%
Bulgaria 92 Stoichkov
67%
Argentina 92 Zanetti
67%
England 90 Ferdinand
66%
Netherlands 91 van der Sar
66%
Serbia 90 Vidić
66%
France 91 Blanc
65%
Scotland 92 Dalglish
65%
Ukraine 91 Shevchenko
65%
Sweden 90 Larsson
64%
Brazil 91 Kaká
62%
Mexico 92 Sánchez
62%
Croatia 90 Šuker
62%
Germany 91 Lahm
61%
England 91 Owen
61%
Argentina 90 Crespo
60%
Netherlands 91 Koeman
60%
Argentina 91 Riquelme
60%
England 91 Shearer
60%
Brazil 91 Sócrates
60%
Germany 91 Ballack
59%
Spain 92 Butragueño
59%
Finland 90 Litmanen
59%
Frnace 91 Pirès
59%
Portugal 90 Rui Costa
59%
England 91 Scholes
59%
Argentina 90 Verón
59%
Portugal 90 Deco
58%
Spain 92 Raúl
57%
Netherlands 92 van Nistelrooy
57%
Spain 91 Hierro
56%
France 90 Petit
56%
France 91 Trezeguet
56%
Italy 89 Gattuso
55%
Germany 91 Klose
55%
Germany 91 Schweinsteiger
54%
England 89 Campbell
53%
Spain 91 Torres
53%
France 91 Vieira
52%
Netherlands 90 Rijkaard
51%
France 93 Cantona
50%
England 89 Cole
50%
England 92 Lineker
50%
Italy 89 Zambrotta
50%
Italy 90 Inzaghi
49%
Netherlands 91 Seedorf
48%
Italy 90 Vieri
46%
France 90 Makélélé
45%
Netherlands 92 Bergkamp
44%
Netherlands 91 Kluivert
44%
Italy 90 Zola
44%
Netherlands 90 Overmars
43%
England 89 Barnes
42%
England 89 Wright
41%
Spain 90 Guardiola
35%
No matching quizzes found
Score Distribution
Percent of People with Each Score
Percentile by Number Answered
Your Score History
You have not taken this quiz